00428 2200157 4500001002100000005001500021035002000036245006400056100002400120300002700144260004300171082000800214084001400222020002200236990001200258INLIS00000000000269320250910112511 a0010-09250000401 aSeri Tokoh Islam :bOpu Daeng Risaju /cEndi Aulia Garadian0 aEndi Aulia Garadian a52 hlm ;c14,5 x 21 cm aJakarta :bEmir Cakrawala Islam,c2024 a900 a900 END s a978-623-6698-32-7 a0755329